Statistics for Capitals of Countries That Start With "A"

Click here to take the quiz!

General Stats

  • This quiz has been taken 54 times
  • The average score is 10 of 11

Answer Stats

CountryAnswer% Correct
AfghanistanKabul
98%
AustriaVienna
98%
AlgeriaAlgiers
96%
AndorraAndorra la Vella
96%
ArgentinaBuenos Aires
96%
AustraliaCanberra
96%
AlbaniaTirana
92%
AzerbaijanBaku
90%
ArmeniaYerevan
84%
AngolaLuanda
78%
Antigua and BarbudaSt. John's
73%

Score Distribution

Percentile by Number Answered

Percent of People with Each Score

Your Score History

You have not taken this quiz